<?xml version="1.0" encoding="UTF-8"?><?xml-stylesheet type="text/xsl" href="static/style.xsl"?><OAI-PMH xmlns="http://www.openarchives.org/OAI/2.0/" xmlns:xsi="http://www.w3.org/2001/XMLSchema-instance" xsi:schemaLocation="http://www.openarchives.org/OAI/2.0/ http://www.openarchives.org/OAI/2.0/OAI-PMH.xsd"><responseDate>2026-06-02T05:56:57Z</responseDate><request verb="GetRecord" identifier="oai:riuma.uma.es:10630/39503" metadataPrefix="marc">https://riuma.uma.es/rest/oai/request</request><GetRecord><record><header><identifier>oai:riuma.uma.es:10630/39503</identifier><datestamp>2026-02-03T10:59:39Z</datestamp><setSpec>com_10630_2254</setSpec><setSpec>col_10630_37953</setSpec></header><metadata><record xmlns="http://www.loc.gov/MARC21/slim" xmlns:dcterms="http://purl.org/dc/terms/" xmlns:doc="http://www.lyncode.com/xoai" xmlns:xsi="http://www.w3.org/2001/XMLSchema-instance" xsi:schemaLocation="http://www.loc.gov/MARC21/slim http://www.loc.gov/standards/marcxml/schema/MARC21slim.xsd">
   <leader>00925njm 22002777a 4500</leader>
   <datafield ind2=" " ind1=" " tag="042">
      <subfield code="a">dc</subfield>
   </datafield>
   <datafield ind2=" " ind1=" " tag="720">
      <subfield code="a">Moreno-Cabanillas, Antonio</subfield>
      <subfield code="e">author</subfield>
   </datafield>
   <datafield ind2=" " ind1=" " tag="720">
      <subfield code="a">Castillero-Ostio, Elizabet</subfield>
      <subfield code="e">author</subfield>
   </datafield>
   <datafield ind2=" " ind1=" " tag="720">
      <subfield code="a">Serna-Ortega, Álvaro</subfield>
      <subfield code="e">author</subfield>
   </datafield>
   <datafield ind2=" " ind1=" " tag="260">
      <subfield code="c">2024-06-28</subfield>
   </datafield>
   <datafield ind2=" " ind1=" " tag="520">
      <subfield code="a">The  aim  of  this  article  is  to  examine  the  transformations  in  the  dynamics  of communication brought about by advances in digital technology, and the intersection between politics and technological development, especially in relation to social media. The study consisted of a content analysis of the use of Facebook, Twitter, Instagram, and  TikTok  by  political  party  leaders  Pedro  Sánchez  (PSOE),  Alberto  Núñez  (PP), Santiago  Abascal  (Vox),  and  Yolanda  Díaz  (Sumar).  The  results  showed  a  general increase in followers, with greater growth on newer platforms. Candidates adopted different strategies in terms of frequency and type of posts, depending on context of use,  but  maintained  a  strong  presence  on  all  platforms.  The  findings  highlight  the complexity of digital political communication and the consequente need for flexible adaptive strategies that take into account the characteristics of each medium, audience diversity, and the rapid evolution of online dynamics.</subfield>
   </datafield>
   <datafield ind1="8" ind2=" " tag="024">
      <subfield code="a">Moreno-Cabanillas, A., Castillero-Ostio, E., &amp; Serna-Ortega, Á. (2024). The impact of the social media on political campaigns: the 2023 general election in Spain. Redmarka. Revista de Marketing Aplicado, 28(1), 56–76. https://doi.org/10.17979/redma.2024.28.1.10114</subfield>
   </datafield>
   <datafield ind1="8" ind2=" " tag="024">
      <subfield code="a">https://hdl.handle.net/10630/39503</subfield>
   </datafield>
   <datafield ind1="8" ind2=" " tag="024">
      <subfield code="a">10.17979/redma.2024.28.1.10114</subfield>
   </datafield>
   <datafield tag="653" ind2=" " ind1=" ">
      <subfield code="a">Comunicación en política</subfield>
   </datafield>
   <datafield tag="653" ind2=" " ind1=" ">
      <subfield code="a">Partidos políticos - Redes sociales</subfield>
   </datafield>
   <datafield ind2="0" ind1="0" tag="245">
      <subfield code="a">The impact of the social media on political campaigns: the 2023 general election in Spain</subfield>
   </datafield>
</record>
</metadata></record></GetRecord></OAI-PMH>